Eredivisie 25/26 - Statistics

Statistiche generali
  • Questo quiz è stato fatto 16 volte
  • Il punteggio medio è 12 su 18
Statistiche sulle risposte
con Immagini Risposta % Corretto
PSV
100%
Utrecht
100%
AZ Alkmaar
94%
Feyenoord
94%
Twente
94%
Ajax
88%
Groningen
88%
Sparta Rotterdam
81%
NEC Nijmegen
69%
Fortuna Sittard
56%
Volendam
56%
Heerenveen
50%
Heracles
50%
Go Ahead Eagles
44%
NAC Breda
44%
Excelsior
38%
Pec Zwolle
31%
Telstar
25%
Nessun quiz corrispondente trovato
Distribuzione punteggi
Percentuale di utenti per punteggio
Percentile per numero di risposta
I tuoi punteggi nel tempo
Non hai fatto questo quiz